000
00213nam a2200085 4500
001
1257644
005
20260217133926.0
245
_a
DEVETTEN İMPARATORLUĞA SULTAN 1. MURAT
_c
İSMAİL BİLGİN
260
_b
ERDEM ÇOCUK
999
_c
1257644
_d
1257644